Est-ce que ces célébrités ont déjà fait danse avec les stars - Statistiques

Statistiques générales
  • Ce quiz a été pris 814 fois
  • Le résultat moyen est 8 sur 15
Answers on the Grid
Answers color-coded by a green-red scale on the quiz's grid according to % correct below.
Léa Elui
Matt Pokora
Christophe Willem
Basile Boli
Tina Arena
Paul Mirabel
Gérard Darmon
Camille Lacourt
Shy’m
Thomas Dutronc
Natasha St-pier
Artus
Lorie
Omar Sy
Aurélie Pons
Aurélie Konaté
Michou
Squeezie
Fabienne Carat
Loic Nottet
Zazie
Mika
Lena Situations
Arnaud Ducret
Tayc
Camille Cerf
Evelyne Dhéliat
André Manoukian
Sebastien Chabal
Arielle Dombalse
 
Statistiques - réponses
Réponse % Correct
Matt Pokora
90%
Léa Elui
73%
Shy’m
73%
Michou
68%
Natasha St-pier
68%
Artus
64%
Loic Nottet
62%
Tayc
61%
Camille Lacourt
54%
Aurélie Pons
44%
Basile Boli
43%
Lorie
35%
Arielle Dombalse
34%
Fabienne Carat
30%
André Manoukian
26%
Aucun quiz correspondant
Distribution des résultats
% des personnes avec chaque résultat
Percentile par nombre de réponses
Votre historique - résultats
Vous n’avez pas pris ce quiz